| 000 | 00377nam a22001697a 4500 | ||
|---|---|---|---|
| 003 | OSt | ||
| 005 | 20220124160601.0 | ||
| 008 | 220124b |||||||| |||| 00| 0 eng d | ||
| 020 | _a9788177585407 | ||
| 040 | _cHU | ||
| 082 | _a621 | ||
| 100 |
_aNecsulescu Dan _928474 |
||
| 245 | _aMechatronics | ||
| 260 |
_aNew Delhi _bNew Delhi |
||
| 300 | _f319 | ||
| 942 |
_2ddc _cBOOKS _n0 |
||
| 999 |
_c27672 _d27672 |
||